Vector analysis with applications (Record no. 5838)

000 -LEADER
fixed length control field 00528nam a22002051 4500
001 - CONTROL NUMBER
control field 5838
003 - CONTROL NUMBER IDENTIFIER
control field BD-DhUET
008 - FIXED-LENGTH DATA ELEMENTS--GENERAL INFORMATION
fixed length control field 861017s1932 enka 000 0 eng c
020 ## - INTERNATIONAL STANDARD BOOK NUMBER
International Standard Book Number 8122405487
040 ## - CATALOGING SOURCE
Original cataloging agency DLC/ICU
Transcribing agency CGU
Modifying agency BD-DhUET
082 0# - DEWEY DECIMAL CLASSIFICATION NUMBER
Classification number 516.83
Item number ALI/1993
100 ## - MAIN ENTRY--PERSONAL NAME
Personal name Ali Ashraf, Md.
245 10 - TITLE STATEMENT
Title Vector analysis with applications
250 ## - EDITION STATEMENT
Edition statement 3rd ed.
260 ## - PUBLICATION, DISTRIBUTION, ETC. (IMPRINT)
Place of publication, distribution, etc. New Delhi
Name of publisher, distributor, etc. Wiley Eastern
Date of publication, distribution, etc. 1993
300 ## - PHYSICAL DESCRIPTION
Extent xv,308p.
Other physical details ill.
Dimensions 23 cm.
504 ## - BIBLIOGRAPHY, ETC. NOTE
Bibliography, etc Includes bibliographies
650 #0 - SUBJECT ADDED ENTRY--TOPICAL TERM
Topical term or geographic name as entry element Vector analysis
942 ## - ADDED ENTRY ELEMENTS (KOHA)
Koha item type General Book
Holdings
Koha item type Koha normalized classification for sorting Copy number Date acquired Koha out on loan Koha date last borrowed Shelving location Koha full call number Koha issues (times borrowed) Lost status Koha date last seen Not for loan Piece designation (barcode) Location (home branch) Price effective from Withdrawn status Koha renewals Sublocation or collection (holding branch) Source of classification or shelving scheme Damaged status
General Book516_830000000000000_ALI_199382014-11-292022-12-272022-12-13Circulation section516.83/ALI/19933 2022-12-13 87531Central Library, BUET2014-11-29  Central Library, BUET  
General Book516_830000000000000_ALI_199822014-12-21 2025-04-29Circulation section516.83/ALI/199813 2025-05-13 87528Central Library, BUET2014-12-21 1Central Library, BUET  
General Book516_830000000000000_ALI_199832015-01-27  Circulation section516.83/ALI/1998  2016-04-02 87530Central Library, BUET2015-01-27  Central Library, BUET  
General Book516_830000000000000_ALI_199842015-01-31 2022-12-13Circulation section516.83/ALI/19986 2025-11-30 48783Central Library, BUET2015-01-31  Central Library, BUET  
General Book516_830000000000000_ALI_199812015-02-11 2020-01-05Circulation section516.83/ALI/19985 2020-11-03 94102Central Library, BUET2015-02-11  Central Library, BUET  
General Book516_830000000000000_ALI_199372015-04-11 2024-04-02Circulation section516.83/ALI/19938 2025-11-18 87525Central Library, BUET2015-04-11  Central Library, BUET  
General Book516_830000000000000_ALI_199362015-04-23 2023-09-27Circulation section516.83/ALI/19936 2025-11-29 87526Central Library, BUET2015-04-23  Central Library, BUET  
General Book516_830000000000000_ALI_199372015-05-03 2022-03-30Circulation section516.83/ALI/19932 2022-05-25 87529Central Library, BUET2015-05-03  Central Library, BUET  
Reading Item516_830000000000000_ALI_199392015-06-07  Reading section516.83/ALI/1993  2015-06-07 87550Central Library, BUET2015-06-07  Central Library, BUET  
Reading Item516_830000000000000_ALI_1993102015-06-07  Reading section516.83/ALI/1993  2015-06-07 92374Central Library, BUET2015-06-07  Central Library, BUET  
Reading Item516_830000000000000_ALI_1993122015-06-08  Reading section516.83/ALI/1993  2015-06-08 94100Central Library, BUET2015-06-08  Central Library, BUET  
Reading Item516_830000000000000_ALI_1993132015-06-14  Reading section516.83/ALI/1993  2015-06-14 87551Central Library, BUET2015-06-14  Central Library, BUET  
General Book516_830000000000000_ALI_1993142015-09-02  Circulation section516.83/ALI/1993  2017-03-04 87527Central Library, BUET2015-09-02  Central Library, BUET